000 00988nam a22002055i 4500
001 153778
003 ES-MaACL
005 20250827062633.0
008 950223s1870 sp |||| | spa d
040 _aCLM
_bspa
_cCCPB | SIC
110 1 _aEspaña
_93622
240 1 0 _aLeyes, etc.
245 1 0 _aLeyes sobre abolición de la pena de argolla, efectos civiles de la de interdicción, reversión al estado de los oficios de la fé pública, enagenados de la corona y provisión de las notarias
_b: ; Leyes provisionales sobre reforma del procedimiento en lo criminal, establecimiento del recurso de casación en lo criminal, reforma de casación en lo civil, ejercicio de la gracia de indulto.
250 _aEd. oficial.
260 _aMadrid :
_b[s.n.],
_c1870 (
_fImp. del Ministerio de Gracia y Justicia)
300 _a100 p. ;
_c23 cm.
650 4 _aDerecho civil-
_zEspaña-
_vLegislación
_911663
852 _aES-MaACL
_jB-5258
_z-- Enc. hol.
999 _c153778
_d153778